[Event "Challenge"]
[Site "http://www.queenalice.com/game.php?id=1236961"]
[Date "2013.12.2"]
[Round "-"]
[White "arpia"]
[Black "knetfan"]
[Result "0-1"]
[WhiteElo "1786"]
[BlackElo "1874"]

1. e4 e5 2. f4 exf4 3. Nf3 d6 4. d4 Nf6 5. Bxf4 Be7 6. Nc3 O-O 7. Bc4 Nxe4 8.
Nxe4 d5 9. O-O dxc4 10. Qe2 Be6 11. Rad1 c6 12. Nfg5 Bd5 13. Qh5 h6 14. Rf3 f5
15. Rg3 fxe4 16. Nxe4 Bxe4 17. Bxh6 Bf6 18. c3 Qd5 0-1

[Event "Challenge"]
[Site "http://www.queenalice.com/game.php?id=1236976"]
[Date "2013.12.2"]
[Round "-"]
[White "arpia"]
[Black "knetfan"]
[Result "0-1"]
[WhiteElo "1812"]
[BlackElo "1909"]

1. e4 e5 2. f4 d6 3. Nf3 Bg4 4. h3 Bxf3 5. Qxf3 exf4 6. Bc4 Nf6 7. Qxf4 Nc6 8.
O-O Qd7 9. Nc3 O-O-O 10. d3 Ne5 11. b3 Nxc4 12. dxc4 Kb8 13. a4 Be7 14. Be3 Rdf8
15. Nb5 a6 16. Nd4 Nh5 17. Qf3 Nf6 18. e5 dxe5 19. Nf5 Rhg8 20. Rfd1 Qe6 21. c5
e4 22. Qg3 Qxf5 23. Rf1 Qe6 24. c4 Nd7 25. b4 Qxc4 0-1

[Event "Challenge"]
[Site "http://www.queenalice.com/game.php?id=1238195"]
[Date "2013.12.6"]
[Round "-"]
[White "knetfan"]
[Black "Vladimir"]
[Result "1-0"]
[WhiteElo "1939"]
[BlackElo "1882"]

1. e4 e5 2. Bc4 Nf6 3. Nc3 Bb4 4. d3 h6 5. f4 Bxc3+ 6. bxc3 exf4 7. Bxf4 O-O 8.
Nf3 Re8 9. O-O Nc6 10. e5 Ng4 11. d4 d5 12. exd6 cxd6 13. Qd2 Be6 14. Bxe6 Rxe6
15. d5 Qb6+ 16. Kh1 Rf6 17. dxc6 Qxc6 18. Nd4 Qe4 19. Rae1 Qg6 20. Bg3 Rxf1+ 21.
Rxf1 d5 22. Nf5 Rd8 23. Ne7+ 1-0

[Event "REVANCHE"]
[Site "http://www.queenalice.com/game.php?id=1239504"]
[Date "2013.12.12"]
[Round "-"]
[White "knetfan"]
[Black "roli68"]
[Result "1-0"]
[WhiteElo "1939"]
[BlackElo "1530"]

1. e4 e5 2. Bc4 Qf6 3. Nf3 g5 4. d4 Nc6 5. Bxg5 Qg6 6. O-O Qxe4 7. Re1 Qf5 8. d5
Na5 9. Rxe5+ Qxe5 10. Nxe5 f6 11. Qh5+ Ke7 12. Qf7+ Kd6 13. Qxf8+ Kxe5 14. Bxf6+
Nxf6 15. Qxh8 Nxc4 16. Nc3 d6 17. Re1+ Kf5 18. h3 Ne5 19. g4+ Kg5 20. f4+ Kg6
21. fxe5 dxe5 22. Rf1 Nd7 23. Ne4 c6 24. Rf6+ Nxf6 25. Qxf6# 1-0

[Event "Challenge"]
[Site "http://www.queenalice.com/game.php?id=1240574"]
[Date "2013.12.16"]
[Round "-"]
[White "knetfan"]
[Black "Omar"]
[Result "1-0"]
[WhiteElo "1971"]
[BlackElo "1737"]

1. e4 e5 2. Bc4 Nf6 3. d3 a6 4. Nc3 b5 5. Bb3 Nc6 6. Nge2 d6 7. O-O Bb7 8. f4
exf4 9. Bxf4 Ne5 10. Ng3 Bc8 11. d4 Nc4 12. Bxc4 bxc4 13. Bg5 h6 14. Bxf6 gxf6
15. Nd5 Bg7 16. Nh5 Rg8 17. Nhxf6+ Kf8 18. Nxg8 Kxg8 19. c3 Rb8 20. b3 cxb3 21.
axb3 c6 22. Nf4 a5 23. Nh5 Bh8 24. Qf3 Be6 25. c4 Bxd4+ 26. Kh1 Bxa1 27. Rxa1
Kf8 28. Rf1 Qg5 29. Nf6 a4 30. Nh7+ Ke7 31. Nxg5 hxg5 32. bxa4 Bxc4 33. Qf6+ Ke8
34. Qxd6 Rd8 35. Qxc6+ Rd7 36. Qxc4 g4 37. Qc8+ Rd8 38. Qxd8+ Kxd8 39. Rxf7 Ke8
40. Rb7 Kd8 41. a5 Kc8 42. a6 g3 43. hxg3 Kd8 44. a7 Kc8 45. a8=Q# 1-0

[Event "Challenge"]
[Site "http://www.queenalice.com/game.php?id=1243884"]
[Date "2013.12.30"]
[Round "-"]
[White "AlekinePb"]
[Black "knetfan"]
[Result "0-1"]
[WhiteElo "1907"]
[BlackElo "1957"]

1. d4 Nf6 2. c4 e6 3. Nf3 Bb4+ 4. Bd2 Bxd2+ 5. Nbxd2 O-O 6. e4 d6 7. Bd3 c5 8.
d5 e5 9. O-O Bg4 10. Re1 Nbd7 11. h3 Bxf3 12. Nxf3 Ne8 13. a3 g6 14. b4 Ng7 15.
Rb1 f5 16. Qd2 f4 17. Nh2 Nh5 18. f3 Qh4 19. Ng4 Ng3 20. Qf2 b6 21. b5 Nf6 22.
Nxf6+ Rxf6 23. a4 Kg7 24. Ra1 Rff8 25. a5 Qe7 26. a6 h5 27. Ra2 g5 28. Be2 Rf6
29. Bd1 Rg6 30. Kh2 Rh8 31. Qd2 g4 32. Qf2 Nxe4 33. fxe4 g3+ 0-1

[Event "AUTO-ADV-3040"]
[Site "http://www.queenalice.com/game.php?id=1244302"]
[Date "2014.1.1"]
[Round "1"]
[White "knetfan"]
[Black "trallala"]
[Result "0-1"]
[WhiteElo "1968"]
[BlackElo "2225"]

1. e4 e5 2. Bc4 Nf6 3. d3 Be7 4. f4 Nc6 5. Nf3 d6 6. O-O O-O 7. Nc3 Bg4 8. Qe1
Bxf3 9. gxf3 Nd4 10. Qf2 c6 11. fxe5 dxe5 12. f4 Bc5 13. Be3 Ng4 14. Qe1 Nxe3
15. Qxe3 Ne2+ 0-1

[Event "AUTO-ADV-3040"]
[Site "http://www.queenalice.com/game.php?id=1244303"]
[Date "2014.1.1"]
[Round "1"]
[White "trallala"]
[Black "knetfan"]
[Result "1-0"]
[WhiteElo "2234"]
[BlackElo "1964"]

1. e4 e5 2. f4 Bc5 3. Nf3 d6 4. Nc3 Bg4 5. Na4 Nf6 6. Nxc5 dxc5 7. d3 Nc6 8. Be2
exf4 9. Bxf4 O-O 10. O-O Nd4 11. Kh1 Nxe2 12. Qxe2 Nh5 13. Be3 b6 14. Rf2 Qe7
15. Qd2 Bxf3 16. Rxf3 Nf6 17. Bg5 Kh8 18. Raf1 1-0

[Event "AUTO-ADV-3040"]
[Site "http://www.queenalice.com/game.php?id=1244304"]
[Date "2014.1.1"]
[Round "1"]
[White "knetfan"]
[Black "Antero"]
[Result "1-0"]
[WhiteElo "1982"]
[BlackElo "1799"]

1. e4 e5 2. Bc4 Nf6 3. d3 Be7 4. f4 d6 5. Nf3 Bg4 6. O-O Qd7 7. Nc3 a6 8. fxe5
Bxf3 9. Qxf3 dxe5 10. Bg5 Nc6 11. Nd5 Nd4 12. Qf2 Ne6 13. Nxf6+ gxf6 14. Bxf6
Bc5 15. Bxh8 Bxf2+ 16. Rxf2 O-O-O 17. Bxe5 Rf8 18. Raf1 Nd8 19. Bg3 b5 20. Bd5
c6 21. Bb3 Qd4 22. Kh1 Qg7 23. c3 c5 24. Bd5 f6 25. Bd6 Re8 26. Rxf6 Qd7 27.
Bxc5 Ne6 28. Rf7 Qd8 29. Bxe6+ Rxe6 30. Rf8 1-0

[Event "AUTO-ADV-3040"]
[Site "http://www.queenalice.com/game.php?id=1244305"]
[Date "2014.1.1"]
[Round "1"]
[White "Antero"]
[Black "knetfan"]
[Result "0-1"]
[WhiteElo "1816"]
[BlackElo "1956"]

1. e4 e5 2. Nf3 d6 3. h3 Nf6 4. Nc3 Be7 5. Bc4 O-O 6. O-O c6 7. d3 Be6 8. Bg5
Nbd7 9. Re1 Bxc4 10. dxc4 Qc7 11. Qe2 h6 12. Bh4 Rfe8 13. a3 Nf8 14. Qd3 Ng6 15.
Bxf6 Bxf6 16. b4 Rad8 17. Rad1 Nf4 18. Qf1 a5 19. Rb1 axb4 20. axb4 Ra8 21. Ra1
Qd7 22. Rxa8 Rxa8 23. Ra1 Qd8 24. b5 Ra5 25. Qe1 Qa8 26. Rxa5 Qxa5 27. bxc6 bxc6
28. Qe3 Qb4 29. Ne2 Nxe2+ 30. Qxe2 Be7 31. Nd2 Kf8 32. Nb3 Ke8 33. Qd3 Qe1+ 34.
Qf1 Qxe4 35. c3 Qc2 36. Na5 Kd7 0-1

[Event "AUTO-ADV-3040"]
[Site "http://www.queenalice.com/game.php?id=1244306"]
[Date "2014.1.1"]
[Round "1"]
[White "knetfan"]
[Black "callende"]
[Result "1-0"]
[WhiteElo "1979"]
[BlackElo "1727"]

1. e4 e5 2. Bc4 Bc5 3. Nc3 Nc6 4. d3 d6 5. Nf3 Bg4 6. O-O h6 7. Be3 Nd4 8. Bxd4
Bxd4 9. h3 Bxf3 10. Qxf3 Nf6 11. Rab1 O-O 12. Ne2 Bc5 13. Ng3 c6 14. Nf5 d5 15.
exd5 cxd5 16. Bb3 e4 17. dxe4 Nxe4 18. Rbd1 Qf6 19. c3 Rad8 20. Bxd5 Ng5 21. Qg4
Qg6 22. h4 Ne6 23. Qxg6 fxg6 24. Bxe6+ Kh7 25. Nd4 Rf4 26. g3 Rf6 27. Bb3 a6 28.
Kg2 Rdf8 29. Rd2 b5 30. Ne6 1-0

[Event "AUTO-ADV-3040"]
[Site "http://www.queenalice.com/game.php?id=1244307"]
[Date "2014.1.1"]
[Round "1"]
[White "callende"]
[Black "knetfan"]
[Result "0-1"]
[WhiteElo "1624"]
[BlackElo "2002"]

1. e4 e5 2. Bc4 Nf6 3. Nc3 Be7 4. Nf3 Nc6 5. a3 O-O 6. d3 d6 7. h3 Be6 8. Bxe6
fxe6 9. Ng5 Qd7 10. O-O d5 11. Nf3 Rae8 12. Bg5 h6 13. Bh4 Nh7 14. Bg3 Bf6 15.
Re1 Ng5 16. Nh2 d4 17. Na4 Qf7 18. Nc5 b6 19. Na6 Qd7 20. Ng4 Qc8 21. Nxf6+ Rxf6
22. Nb4 Qd7 23. h4 Nf7 24. c3 a5 25. Nc2 Rf8 26. Rc1 Kh7 27. Re2 Nfd8 28. Ne1
Qf7 29. Nf3 Qh5 30. Nh2 R6f7 31. cxd4 exd4 32. Nf3 e5 33. b4 axb4 34. axb4 Rxf3
35. gxf3 Qxf3 36. Ra1 Ne6 37. b5 Nf4 0-1

[Event "Challenge"]
[Site "http://www.queenalice.com/game.php?id=1273695"]
[Date "2014.4.17"]
[Round "-"]
[White "AlekinePb"]
[Black "knetfan"]
[Result "0-1"]
[WhiteElo "1901"]
[BlackElo "2000"]

1. d4 Nf6 2. c4 e6 3. Nf3 b6 4. Nc3 Bb7 5. Bg5 Be7 6. e3 O-O 7. Bd3 Na6 8. O-O
Nb4 9. Be2 Ne4 10. Bxe7 Qxe7 11. a3 Nxc3 12. bxc3 Na6 13. Qa4 c5 14. Rad1 d6 15.
Bd3 Nc7 16. e4 Rfd8 17. Rd2 Ne8 18. Rfd1 Nf6 19. d5 e5 20. Qb3 Rf8 21. Ne1 Nd7
22. Nc2 g6 23. Ne3 Rae8 24. a4 Kg7 25. a5 Bc8 26. g3 Qd8 27. Ng2 f5 28. f4 fxe4
29. Bb1 exf4 30. Nxf4 Nf6 31. Re1 Bf5 32. Rde2 Re7 33. Nd3 Rfe8 34. Nf2 e3 35.
Nd1 Bxb1 36. Qxb1 Ng4 37. h3 Ne5 38. axb6 axb6 39. Nxe3 Nf3+ 40. Kf2 Nxe1 41.
Qxe1 Rf7+ 42. Kg2 Ref8 43. Qc1 Qf6 44. Ng4 Qf3+ 45. Kg1 Qxe2 46. Qh6+ Kh8 0-1

[Event "Challenge"]
[Site "http://www.queenalice.com/game.php?id=1273696"]
[Date "2014.4.17"]
[Round "-"]
[White "knetfan"]
[Black "AlekinePb"]
[Result "1/2-1/2"]
[WhiteElo "2003"]
[BlackElo "1920"]

1. e4 e6 2. d4 d5 3. exd5 exd5 4. Bd3 Nf6 5. Nf3 Bd6 6. O-O O-O 7. Nc3 c6 8. Re1
Bg4 9. Bg5 Nbd7 10. Be2 Qc7 11. Bxf6 Nxf6 12. Ne5 Bxe2 13. Rxe2 Rae8 14. f4 Nd7
15. Kh1 f6 16. Nxd7 Qxd7 17. g3 Qh3 18. Qe1 Rxe2 19. Qxe2 Qd7 20. Re1 Kf7 21.
Kg2 Bb4 22. h3 Bxc3 23. bxc3 Qd6 24. f5 Qd7 25. g4 Re8 26. Qxe8+ Qxe8 27. Rxe8
Kxe8 28. Kf3 h6 29. h4 Kf7 30. Kf4 a5 31. g5 a4 32. Kg4 hxg5 33. hxg5 fxg5 34.
Kxg5 a3 35. Kg4 Kf6 36. Kf4 b6 37. Kg4 g6 38. fxg6 Kxg6 39. Kf4 Kf6 40. Kg4 Kg6
1/2-1/2

[Event "Challenge"]
[Site "http://www.queenalice.com/game.php?id=1279713"]
[Date "2014.5.7"]
[Round "-"]
[White "bobifixer"]
[Black "knetfan"]
[Result "0-1"]
[WhiteElo "1924"]
[BlackElo "2062"]

1. d4 Nf6 2. Nf3 e6 3. g3 c5 4. c3 cxd4 5. cxd4 Bb4+ 6. Bd2 Bxd2+ 7. Nbxd2 O-O
8. Bg2 Nc6 9. O-O b6 10. Rc1 Bb7 11. e4 d6 12. a3 Rc8 13. b4 Ne7 14. Qe2 Qd7 15.
Nb3 Nxe4 16. Qd3 Nf6 17. Rxc8 Rxc8 18. Rc1 Rxc1+ 19. Nxc1 Be4 20. Qc3 Qc6 21.
Qxc6 Bxc6 22. Nd3 Nf5 23. Nde1 Kf8 24. Kf1 Ke7 25. Ke2 Bb5+ 26. Nd3 Kd7 27. h3
a5 28. bxa5 bxa5 29. g4 Ne7 30. Nd2 Nfd5 31. Bf1 Nf4+ 32. Ke3 Ned5+ 33. Ke4 f5+
34. gxf5 exf5+ 35. Kxf5 Bxd3+ 36. Bxd3 Nxd3 37. Ke4 N5f4 38. Ke3 Kc6 39. a4 Kd5
40. h4 g6 41. f3 h6 42. Nb3 Kc4 43. Nxa5+ Kb4 44. Nb7 d5 45. a5 Kb5 46. Nd6+
Kxa5 47. Nf7 h5 48. Ne5 Kb5 49. Nxd3 Nxd3 50. Kxd3 Kb4 51. f4 Kb3 52. f5 gxf5
53. Ke3 Kc3 54. Kf4 Kxd4 55. Kxf5 Ke3 56. Kg5 d4 57. Kxh5 d3 58. Kg6 d2 59. h5
d1=Q 60. h6 Qd8 61. Kg7 Qg5+ 62. Kh7 Qf6 0-1

[Event "Challenge"]
[Site "http://www.queenalice.com/game.php?id=1285869"]
[Date "2014.6.3"]
[Round "-"]
[White "knetfan"]
[Black "Quasimodem"]
[Result "1/2-1/2"]
[WhiteElo "2012"]
[BlackElo "1987"]

1. e4 g5 2. d4 h6 3. Bc4 d6 4. Nc3 Bg7 5. Be3 c6 6. Qd2 b5 7. Bb3 e6 8. O-O-O a5
9. a4 b4 10. Nce2 Nf6 11. f3 Nbd7 12. h4 g4 13. d5 cxd5 14. exd5 e5 15. Ng3 Nb6
16. Ne4 Nxe4 17. fxe4 Ba6 18. Ne2 Bxe2 19. Qxe2 h5 20. Qb5+ Nd7 21. Rdf1 Rb8 22.
Qc6 Bh6 23. Bxh6 Rxh6 24. Rf5 Rc8 25. Qb5 Ke7 26. Rhf1 f6 27. Qe2 Nc5 28. Qe3
Qh8 29. Kb1 Rg6 30. Ka2 Qh6 31. Qe2 Rb8 32. g3 Kf7 33. R1f2 Ke7 1/2-1/2

[Event "10Generation"]
[Site "http://www.queenalice.com/game.php?id=1292392"]
[Date "2014.7.4"]
[Round "-"]
[White "jruizlac"]
[Black "knetfan"]
[Result "0-1"]
[WhiteElo "1907"]
[BlackElo "2012"]

1. d4 Nf6 2. c4 e6 3. Nc3 Bb4 4. Nf3 O-O 5. e3 b6 6. g3 Bb7 7. Bg2 Ne4 8. Bd2
Nxd2 9. Qxd2 f5 10. a3 Be7 11. O-O d6 12. Rfd1 Nd7 13. d5 e5 14. Bh3 a6 15. Qc2
g6 16. e4 fxe4 17. Qxe4 Nc5 18. Qe3 Bc8 0-1

[Event "Challenge"]
[Site "http://www.queenalice.com/game.php?id=1295887"]
[Date "2014.7.19"]
[Round "-"]
[White "voto39"]
[Black "knetfan"]
[Result "0-1"]
[WhiteElo "1940"]
[BlackElo "2041"]

1. d4 Nf6 2. c4 e6 3. Nf3 Bb4+ 4. Bd2 Bxd2+ 5. Nbxd2 O-O 6. e4 d6 7. Bd3 Nc6 8.
O-O e5 9. d5 Ne7 10. b4 c6 11. Qb3 Ng6 12. g3 cxd5 13. cxd5 Bh3 14. Rfc1 Ng4 15.
Rc3 Qb6 16. Ne1 Qxf2+ 17. Kh1 Qxh2# 0-1

[Event "Challenge"]
[Site "http://www.queenalice.com/game.php?id=1297357"]
[Date "2014.7.26"]
[Round "-"]
[White "ymfrancois"]
[Black "knetfan"]
[Result "0-1"]
[WhiteElo "1964"]
[BlackElo "2071"]

1. d4 Nf6 2. a3 e6 3. Bg5 c5 4. c3 Nc6 5. b4 cxd4 6. cxd4 Be7 7. Nc3 O-O 8. e3
d6 9. Nf3 Bd7 10. Be2 Rc8 11. O-O a6 12. Bd3 Nxb4 13. Bxf6 Bxf6 14. Ne4 Nxd3 15.
Qxd3 Bb5 16. Qb1 Bxf1 17. Kxf1 b5 18. a4 bxa4 19. Rxa4 Rb8 20. Rb4 Rxb4 21. Qxb4
Be7 22. Qa4 Qc8 23. Qa1 Qc4+ 24. Ke1 Rc8 25. Ned2 Qc1+ 26. Qxc1 Rxc1+ 27. Ke2
Kf8 28. Ne1 Ke8 29. Nd3 Rc8 30. Nb2 Kd7 31. Na4 Kc6 32. Kd3 Bd8 33. f3 Kb5 34.
Nc3+ Kb4 35. Nce4 Rc6 36. g4 h6 37. f4 a5 38. f5 e5 39. d5 Ra6 40. Nc4 Be7 41.
Nc3 a4 42. Na2+ Kc5 43. e4 Bd8 44. h3 g6 45. fxg6 fxg6 46. Kc3 Ba5+ 47. Nxa5
Rxa5 48. Nb4 a3 49. Nc2 a2 50. Kb2 a1=Q+ 51. Nxa1 Rxa1 52. Kxa1 Kd4 0-1

[Event "Challenge"]
[Site "http://www.queenalice.com/game.php?id=1297358"]
[Date "2014.7.26"]
[Round "-"]
[White "knetfan"]
[Black "ymfrancois"]
[Result "1-0"]
[WhiteElo "2024"]
[BlackElo "1997"]

1. e4 e5 2. Bc4 Nf6 3. d3 c6 4. f4 exf4 5. Bxf4 d5 6. exd5 Bg4 7. Qd2 Nxd5 8.
Bxd5 Qxd5 9. Nc3 Bb4 10. Nxd5 Bxd2+ 11. Bxd2 cxd5 12. h3 Bh5 13. g4 Bg6 14.
O-O-O O-O 15. Nf3 Nc6 16. Bf4 Rfe8 17. Rde1 Rac8 18. Rxe8+ Rxe8 19. Re1 Rxe1+
20. Nxe1 Nd4 21. Kd2 a6 22. c3 Ne6 23. Be3 f6 24. Nf3 h5 25. Nh4 Bf7 26. Nf5 Kh7
27. Nd6 Kg8 28. Nxb7 Ng5 29. Bxg5 fxg5 30. gxh5 Be6 31. Nc5 Bxh3 32. Ke3 a5 33.
Kf3 Kf7 34. Nb7 a4 35. Nc5 Kf6 36. Nxa4 g4+ 37. Kf4 Ke6 38. Nc5+ Kd6 39. d4 Kc6
40. Ne6 1-0

[Event "Challenge"]
[Site "http://www.queenalice.com/game.php?id=1298448"]
[Date "2014.8.1"]
[Round "-"]
[White "jjjcarvalho"]
[Black "knetfan"]
[Result "0-1"]
[WhiteElo "1549"]
[BlackElo "2039"]

1. e4 e5 2. Nf3 d6 3. Bc4 Be7 4. d3 Nf6 5. Bg5 O-O 6. Bxf6 Bxf6 7. Nc3 Be6 8.
Bxe6 fxe6 9. O-O Nc6 10. Qd2 Nd4 11. Nxd4 exd4 12. Ne2 e5 13. f4 Qe7 14. fxe5
dxe5 15. c4 Bg5 16. Rxf8+ Rxf8 17. Qc2 Be3+ 18. Kh1 Rf2 19. Re1 Qg5 20. Ng3 Rxc2
21. b4 Bf2 22. Rf1 Bxg3 23. hxg3 Qxg3 24. Rg1 Qh4# 0-1

[Event "Challenge"]
[Site "http://www.queenalice.com/game.php?id=1301583"]
[Date "2014.8.15"]
[Round "-"]
[White "Taurus"]
[Black "knetfan"]
[Result "0-1"]
[WhiteElo "2103"]
[BlackElo "2053"]

1. d4 Nf6 2. c4 e6 3. Nc3 Bb4 4. a3 Bxc3+ 5. bxc3 O-O 6. Bg5 b6 7. e4 h6 8. Bh4
d6 9. f4 Qe8 10. Bxf6 gxf6 11. Qh5 Kh7 12. Bd3 Rg8 13. e5+ f5 14. Qf3 Qc6 15.
Qxc6 Nxc6 16. Kf2 Rg4 17. Ne2 Ba6 18. Nc1 Rxf4+ 19. Ke3 Rg4 20. g3 Rag8 21. Ne2
dxe5 22. h3 exd4+ 23. cxd4 R4g7 24. Rhg1 Kh8 25. Rg2 Na5 26. Rc1 c6 27. Kf4 f6
28. Kf3 c5 29. dxc5 Bb7+ 0-1

[Event "Challenge"]
[Site "http://www.queenalice.com/game.php?id=1301584"]
[Date "2014.8.15"]
[Round "-"]
[White "knetfan"]
[Black "Taurus"]
[Result "1/2-1/2"]
[WhiteElo "2059"]
[BlackElo "2141"]

1. e4 e5 2. Bc4 Nc6 3. Nc3 Nf6 4. d3 h6 5. Be3 Bb4 6. Nf3 d5 7. exd5 Nxd5 8.
Bxd5 Qxd5 9. O-O Qd6 10. Ne4 Qe7 11. c3 Ba5 12. Bc5 Qe6 13. d4 exd4 14. Nxd4
Nxd4 15. Bxd4 O-O 16. Re1 Qg6 17. Ng3 Be6 18. Re5 Bb6 19. Bxb6 axb6 20. Qe2 Rad8
21. a3 Bg4 22. f3 Be6 23. Re1 Rd5 24. Rxd5 Bxd5 25. Ne4 Qe6 26. Ng3 Qc6 27. Qc2
Rd8 28. Nf5 Re8 29. Rxe8+ Qxe8 30. Qd2 Qe5 31. Nd4 c5 32. Nc2 Bb3 33. Ne3 Qe7
34. Qf2 b5 35. Kf1 Qe5 36. g3 Be6 37. Kg1 Qd6 38. Qe2 c4 39. Kf2 Bd7 40. Kg1 Qg6
41. Qc2 Qe6 42. Qd2 Bc6 43. Kf2 Qf6 44. Qe2 Qe6 45. Qd2 Qf6 46. Qe2 Qe6 47. Qd2
Qf6 1/2-1/2

[Event "Challenge"]
[Site "http://www.queenalice.com/game.php?id=1308225"]
[Date "2014.9.14"]
[Round "-"]
[White "jpribeiro"]
[Black "knetfan"]
[Result "1-0"]
[WhiteElo "1874"]
[BlackElo "2083"]

1. e4 e5 2. Nf3 d6 3. d4 exd4 4. Nxd4 Nf6 5. Bg5 Be7 6. Nc3 O-O 7. Bd3 Re8 8.
O-O Bg4 9. f3 Bh5 10. g4 Bg6 11. h4 h6 12. Be3 a6 13. h5 Bh7 14. Qd2 Nbd7 15.
Nf5 Bxf5 16. exf5 Ne5 17. Be2 d5 18. g5 hxg5 19. Bxg5 c6 20. f4 Ned7 21. h6 gxh6
22. Bxh6 Bf8 23. Bxf8 Nxf8 24. Kh1 N8h7 25. Bf3 Kf8 26. Rg1 Ne4 27. Nxe4 Qh4+
28. Kg2 dxe4 29. Qd6+ Qe7 30. Qh6+ Kg8 31. Kf2+ Ng5 32. Rxg5+ 1-0